Statistics for Eminem Lose Yourself Chorus Lyrics

Click here to take the quiz!

General Stats

  • This quiz has been taken 181 times
  • The average score is 27 of 37

Answer Stats

Answer% Correct
You
99%
lose
94%
yourself
94%
in
94%
the
94%
better
91%
music
89%
the
86%
moment
86%
you
85%
let
74%
it
74%
go
74%
it
74%
never
74%
you
73%
you
72%
better
70%
only
70%
shot
69%
own
68%
one
68%
do
68%
not
68%
chance
65%
to
65%
miss
65%
your
64%
blow
63%
get
61%
this
58%
opportunity
54%
once
53%
comes
52%
in
52%
a
51%
lifetime.
50%

Score Distribution

Percentile by Number Answered

Percent of People with Each Score

Your Score History

You have not taken this quiz